Reglamento / Asociación de Socorros Mutuos La Unión
Descripción Física:
16 p. ; 24 cm
Materias:
Asociación de Socorros Mutuos La Unión
MARC
| LEADER | 00000nam a2200000Ia 4500 | ||
|---|---|---|---|
| 001 | 17991 | ||
| 008 | 160829s1892 xx 000 0 cat d | ||
| 080 | |a RF-2-31 | ||
| 110 | |9 53664 |a Asociación de Socorros Mutuos La Unión | ||
| 245 | |a Reglamento / Asociación de Socorros Mutuos La Unión | ||
| 260 | |a Barcelona : |b [Pujol y Solé], |c 1892 | ||
| 300 | |a 16 p. ; |c 24 cm | ||
| 590 | |a Prové 560, exp. 2 | ||
| 610 | 0 | |9 53664 |a Asociación de Socorros Mutuos La Unión | |
| 856 | 4 | |u https://media.diba.cat/diba/fitxers/arxiu/fulletons/bib_17991_1892_baixa.pdf |y Accés lliure | |
| 856 | 4 | |u https://media.diba.cat/diba/fitxers/arxiu/fulletons/bib_17991_1892_baixa.pdf |y Accés lliure | |
| 901 | |a Arxiu | ||
| 942 | |n 1 |2 udc |c ARXIU | ||
| 952 | |0 0 |1 0 |4 0 |6 RF231 |7 1 |9 42965 |a Arxiu |b Arxiu |d 2016-12-01 |l 0 |o RF-2-31 |p 17991 |r 2016-12-01 00:00:00 |w 2016-12-01 |y ARXIU | ||
| 999 | |c 45508 |d 45508 | ||
| 900 | |a bib_17991_1892_baixa.pdf | ||